Statistics for European Countries in their Native Language Map Quiz

Click here to take the quiz!

General Stats

  • This quiz has been taken 626 times
    (577 since last reset)
  • The average score is 38 of 45

Answers on the Map

Answers color-coded by a green-red scale on the quiz's map according to % correct below.
 

Answer Stats

Answer% Correct
United
Kingdom
98%
España
97%
France
97%
Italia
97%
Portugal
97%
Deutschland
95%
Ísland
95%
België
93%
Danmark
93%
Éire
93%
Nederlands
92%
Polska
92%
Norge
91%
Česká republika
90%
Lëtzebuerg
90%
România
89%
Schweiz
89%
Eesti
88%
Latvija
88%
Malta
88%
Österreich
87%
Andorra
86%
Liechtenstein
86%
Monaco
86%
San Marino
86%
Eλλάδα
85%
Lietuva
85%
Moldova
85%
Slovensko
85%
Slovenija
84%
Sverige
84%
Kosova
83%
Suomi
82%
Città del Vaticano
81%
Pоссия
79%
Босна и Херцеговина
74%
Mакедонија
74%
Magyarország
73%
Україна
70%
Hrvatska
68%
България
64%
Белару́сь
63%
Shqipëri
60%
Црна Гора
56%
Cрбија
53%

Score Distribution

Percentile by Number Answered

Percent of People with Each Score

Your Score History

You have not taken this quiz since the last reset